Pasado, presente y porvenir de las farmacopeas : (Record no. 161983)

MARC details
000 -LEADER
campo de control de longitud fija 00888nam a22002055i 4500
001 - NÚMERO DE CONTROL
campo de control 161983
003 - IDENTIFICADOR DE NÚMERO DE CONTROL
campo de control ES-MaACL
005 - FECHA Y HORA DE LA ÚLTIMA TRANSACCIÓN
campo de control 20230906212410.0
008 - DATOS DE LONGITUD FIJA--INFORMACIÓN GENERAL
campo de control de longitud fija 041025q1889 sp |||| | spa d
100 1# - ENTRADA PRINCIPAL--NOMBRE DE PERSONA
Nombre de persona Peset y Cervera, Vicente.
9 (RLIN) 91439
245 10 - MENCIÓN DEL TÍTULO
Título Pasado, presente y porvenir de las farmacopeas :
Resto del título discurso leído en la sesión inaugural de la Academia de Medicina de Valencia el día 27 de enero de 1889 /
Mención de responsabilidad, etc. por Vicente Peset y Cervera.
260 ## - PUBLICACIÓN, DISTRIBUCIÓN, ETC.
Lugar de publicación, distribución, etc. Madrid :
Nombre del editor, distribuidor, etc. Administración Magdalena, núm. 13,
Fecha de publicación, distribución, etc. [1889]
300 ## - DESCRIPCIÓN FÍSICA
Extensión 51 p. ;
Dimensiones 16 cm.
490 1# - MENCIÓN DE SERIE
Mención de serie Biblioteca de la medicina práctica
650 #4 - PUNTO DE ACCESO ADICIONAL DE MATERIA--TÉRMINO DE MATERIA
Término de materia o nombre geográfico como elemento de entrada Farmacopeas.
9 (RLIN) 147771
710 2# - ENTRADA AGREGADA--NOMBRE DE ENTIDAD CORPORATIVA
Nombre de entidad corporativa o nombre de jurisdicción como elemento de entrada Real Academia de Medicina de Valencia.
9 (RLIN) 6322
830 1# - PUNTO DE ACCESO ADICIONAL DE SERIE-TÍTULO UNIFORME
Título uniforme Biblioteca de la medicina práctica
9 (RLIN) 222162
852 ## - LOCALIZACIÓN
Ubicación ES-MaACL
Número de control de estantería T-606-F-5
Nota libre - Enc. hol., conservando cub. original
-- - Enc. en un vol. facticio
Holdings
Estatus retirado Estado de pérdida Estado de daño No para préstamo Colección Biblioteca de origen Biblioteca actual Ubicación en estantería Fecha de adquisición Total de préstamos Signatura topográfica completa Código de barras Visto por última vez Precio de reemplazo Tipo de ítem Koha
        Colección de folletos Biblioteca del Ateneo de Madrid Biblioteca del Ateneo de Madrid Depósito folletos 17/01/2008   T-606-F-5 1169682 23/02/2023 23/02/2023 Folleto